• 首页
  • 本馆介绍
  • 公告通知
  • 最新文献
  • 馆藏检索
  • 电子资源
  • 读者导购
  • 参考咨询
  • 我的图书馆
  • 登录
  • 详细信息显示
  • 放入我的书架
  • 预约/预借图书
  • 作者相关作品
  • 分类相关作品
  • 丛书相关作品
  • 出版社相关作品

书目信息

  • 表格格式
  • 工作单格式
  • 卡片格式
题名:
用烤箱制作的黏土动物饰品
    
 
作者: 苅田光 著 ;马浩然 译
分册:  
出版信息: 北京   中国纺织出版社  2019.07
页数: 98页
开本: 21x21cm
丛书名:
单 册:
中图分类: J314.8
科图分类:
主题词: 陶瓷小雕塑--tao ci xiao diao su--制作
电子资源:
ISBN: 978-7-5180-6123-5
000 01071nam0 2200265 450
001 2347856168
005 20231124131746.04
010    @a978-7-5180-6123-5@dCNY49.80
100    @a20190710d2019 em y0chiy50 ea
101 1  @achi@cjpn
102    @aCN@b110000
105    @aa z 000yy
200 1  @a用烤箱制作的黏土动物饰品@Ayong kao xiang zhi zuo de nian tu dong wu shi pin@f(日) 狩田光著@g马浩然译
210    @a北京@c中国纺织出版社@d2019.07
215    @a98页@c图 (部分彩图)@d21x21cm
306    @a经日本靓丽社授权出版
312    @a英文题名取自封面
330    @a超人气作家狩田光莉 (hikari karita) 的小动物饰品书。放弃烧制传统陶器的繁琐步骤, 使用能轻松愉快地制作陶器饰品的新型材料 —— 烤箱陶土, 制作出简单可爱的小动物饰品。书中以制作胸针为主, 同时也登载了耳环和戒指等饰品。书中包含非常全面的方法解说。
510 1  @aCeramic animal accessories@zeng
606 0  @a陶瓷小雕塑@Atao ci xiao diao su@x制作
690    @aJ314.8@v5
701  0 @a苅田光@Ayi tian guang@4著
702  0 @a马浩然@Ama hao ran@4译
801    @aCN@b山东中教@c20231121
905    @aBZT@dJ314.8@e1
    
    用烤箱制作的黏土动物饰品/(日) 狩田光著/马浩然译.-北京:中国纺织出版社,2019.07
    98页:图 (部分彩图);21x21cm
    
    
    ISBN 978-7-5180-6123-5:CNY49.80
    超人气作家狩田光莉 (hikari karita) 的小动物饰品书。放弃烧制传统陶器的繁琐步骤, 使用能轻松愉快地制作陶器饰品的新型材料 —— 烤箱陶土, 制作出简单可爱的小动物饰品。书中以制作胸针为主, 同时也登载了耳环和戒指等饰品。书中包含非常全面的方法解说。
●
相关链接 在五车中查询图书 在当当中查询图书 在豆瓣中查询图书


正题名:用烤箱制作的黏土动物饰品     索取号:J314.8/1         预约/预借

序号 登录号 条形码 馆藏地/架位号 状态 备注
1 2001042055   2001042055   中教第一批/山东中教(第一批)/577/ [索取号:J314.8/1] 在馆    
2 2001042056   2001042056   中教第一批/山东中教(第一批)/577/ [索取号:J314.8/1] 在馆    
3 2001042057   2001042057   中教第一批/山东中教(第一批)/577/ [索取号:J314.8/1] 在馆    
4 2001042058   2001042058   中教第一批/山东中教(第一批)/577/ [索取号:J314.8/1] 在馆    
5 2001042059   2001042059   中教第一批/山东中教(第一批)/577/ [索取号:J314.8/1] 在馆    
6 2001042060   2001042060   中教第一批/山东中教(第一批)/577/ [索取号:J314.8/1] 在馆    
山东省滨州职业学院图书馆 欢迎您!
大连网信软件有限公司© 版权所有